Dosahy krízových javov na trh s nehnuteľnosťami a nástroje ich prekonávania

Vplyv a porovnanie krízových javov na trh s nehnuteľnosťami v Spojených štátoch, európskych krajinách a na Slovensku, ako aj skúmanie ekonomických nástrojov, ktoré krajinám pomáhajú prekonať krízový stav.

Salvato in:
Dettagli Bibliografici
Autore principale: Nemcová, Daniela, 1963-
Altri autori: Michalová, Valéria
Natura: Capitolo di libro
Lingua:slovacco
Soggetti:
Tags: Aggiungi Tag
Nessun Tag, puoi essere il primo ad aggiungerne!!

MARC

LEADER 00000naa a2200000 4500
001 0246334
005 20180712090550.4
041 0 |a slo 
044 |a SK 
245 1 0 |a Dosahy krízových javov na trh s nehnuteľnosťami a nástroje ich prekonávania  |c Daniela Nemcová, Valéria Michalová 
520 |a Vplyv a porovnanie krízových javov na trh s nehnuteľnosťami v Spojených štátoch, európskych krajinách a na Slovensku, ako aj skúmanie ekonomických nástrojov, ktoré krajinám pomáhajú prekonať krízový stav. 
610 2 0 |a nehnuteľnosti 
610 2 0 |a trhy 
610 2 0 |a trh svetový 
610 2 0 |a Európa 
610 2 0 |a USA 
610 2 0 |a kríza 
610 2 0 |a kríza hospodárska 
610 2 0 |a analýza komparatívna 
100 1 |a Nemcová, Daniela, 1963- 
700 1 |a Michalová, Valéria